| 000 | 00676nam a2200217Ii 4500 | ||
|---|---|---|---|
| 003 | JO-AjNU | ||
| 008 | 230605s9999||||xx |||||||||||||| ||und|| | ||
| 017 | _a2008/2/359 | ||
| 040 |
_aJO-AjNU _bara _erda _cJO-AjNU |
||
| 041 | _aara | ||
| 050 | 1 | 4 | _aP92.A7.A28 2008 |
| 100 | 3 |
_aأبو إصبع، صالح تأليف , _eauthor _949486 |
|
| 245 | 0 | 0 | _aفي الثقافة الإعلامية |
| 250 | _aط1 | ||
| 264 | 3 | 1 | _aعمان:أمانة عمان,2008 |
| 300 | _a195ص | ||
| 336 |
_atext _btxt _2rdacontent |
||
| 337 |
_aunmediated _bn _2rdamedia |
||
| 338 |
_avolume _bnc _2rdacarrier |
||
| 650 | 4 |
_aالإعلام-وسائل الإتصال الجماهيري _949487 |
|
| 999 |
_aA21738 _c25306 _d25306 |
||